Search the Library Catalogue
| 000 -LEADER | |
|---|---|
| fixed length control field | 01435nam a2200157Ia 4500 |
| 008 - FIXED-LENGTH DATA ELEMENTS--GENERAL INFORMATION | |
| fixed length control field | 250630s9999 xx 000 0 und d |
| 020 ## - INTERNATIONAL STANDARD BOOK NUMBER | |
| ISBN | 9781845112431 |
| 082 ## - DEWEY DECIMAL CLASSIFICATION NUMBER | |
| Classification number | 915.04429 |
| Item number | PAI |
| 100 ## - MAIN ENTRY--AUTHOR NAME | |
| Personal name | Paine, Sheila |
| 245 #4 - TITLE STATEMENT | |
| Title | The Afghan Amulet |
| 260 ## - PUBLICATION, DISTRIBUTION, ETC. (IMPRINT) | |
| Name of publisher | Tauris Parke Paperbacks |
| Year of publication | 2006 |
| 500 ## - GENERAL NOTE | |
| General note | Intrigued by an exquisite and mysterious amulet on an antique dress from Kohistan, 'land of mountains' in Pakistan, Sheila Paine began an epic quest that took her from the peaks of the Himalaya to the shores of Greece. In this, the first part of her journey, she set off alone and undaunted for the wilds of the Hindu Kush, her only possessions a tiny rucksack and a litre of vodka. Over the course of several months she followed endless clues - the patterns on a woman's dress, pendants hanging outside village houses to ward off djinns, scraps of embroidery in a bazaar - that took her to some of the most remote and inhospitable places in the world. She travelled to Makran, in Pakistan, an area closed completely to foreigners, and to Iran, where she was constantly watched by government minders. She was smuggled into Afghanistan by a band of mujahedeen, and then forged on into Iraq and Turkish Kurdistan from Iran, before one final piece of evidence led her to the small town of Razgrad in eastern Bulgaria and news of the amulet she so tirelessly sought |
| 650 ## - SUBJECT ADDED ENTRY--TOPICAL TERM | |
| Topical Term | Travel |
| 942 ## - ADDED ENTRY ELEMENTS (KOHA) | |
| Koha item type | English Books |
| Withdrawn status | Lost status | Damaged status | Not for loan | Home library | Current library | Shelving location | Date acquired | Full call number | Accession Number | Price effective from | Koha item type |
|---|---|---|---|---|---|---|---|---|---|---|---|
| Anna Centenary Library | Anna Centenary Library | 7TH FLOOR, B WING | 30.06.2025 | 915.04429 PAI | 214482 | 30.06.2025 | English Books |